| 000 | 00946nam a22002657a 4500 | ||
|---|---|---|---|
| 005 | 20240530110413.0 | ||
| 008 | 150224s2011 ua g 000 0 ara d | ||
| 017 |
_a13032/2010 _bمصر . دار الكتب المصرية |
||
| 020 | _a978977350326 | ||
| 040 | _aEG-CaGPL | ||
| 041 | 0 | _aara | |
| 082 | 0 | 4 |
_221 _a327.101\ _bع ن |
| 100 | 0 | _aعامر مصباح | |
| 245 | 1 | 0 |
_aنظريات التحليل الاستراتيجى والامنى للعلاقات الدولية / _cتاليف عامر مصباح |
| 250 | _aط1 | ||
| 260 |
_aالقاهرة : _bدار الكتاب الحديث ، _c2011 |
||
| 300 |
_a355 ص ؛ _c24 سم |
||
| 504 | _aببليوجرافية : ص 331 - 351 | ||
| 650 | 0 | 4 | _aالعلاقات الخارجية |
| 650 | 0 | 4 | _aالامن الدولى |
| 650 | 0 | 4 |
_aالامن _xنظريات |
| 650 | 0 | 4 |
_aالحرب _xنظريات |
| 650 | 0 | 4 | _aالاستراتيجية الدبلوماسية |
| 942 |
_2ddc _cBK |
||
| 999 |
_c60495 _d60495 |
||